Irrigation and Hydraulic Structures : Theory,Design and Practice / (Record no. 616340)

000 -LEADER
fixed length control field 00638 a2200229 4500
003 - CONTROL NUMBER IDENTIFIER
control field NUST
005 - DATE AND TIME OF LATEST TRANSACTION
control field 20260223154640.0
008 - FIXED-LENGTH DATA ELEMENTS--GENERAL INFORMATION
fixed length control field 260223b ||||| |||| 00| 0 eng d
020 ## - INTERNATIONAL STANDARD BOOK NUMBER
International Standard Book Number 9698160027
038 ## - RECORD CONTENT LICENSOR
Staff Name Ikram
082 ## - DEWEY DECIMAL CLASSIFICATION NUMBER
Classification number 627.1ALI
Author Mark ALI
100 ## - MAIN ENTRY--PERSONAL NAME
Personal name Dr.Iqbal Ali
9 (RLIN) 13267
245 ## - TITLE STATEMENT
Title Irrigation and Hydraulic Structures : Theory,Design and Practice /
Statement of responsibility, etc. Dr. Iqbal Ali
250 ## - EDITION STATEMENT
Edition statement 5th.ed.
260 ## - PUBLICATION, DISTRIBUTION, ETC.
Place of publication, distribution, etc. Lahore :
Date of publication, distribution, etc. Allied Book Company,
Name of publisher, distributor, etc. 2015
300 ## - PHYSICAL DESCRIPTION
Extent iii;465p. :
Other physical details ill . ;
Dimensions 25cm
563 ## - BINDING INFORMATION
Binding note Pbk.
590 ## - LOCAL NOTE (RLIN)
Linkage (RLIN) .
600 ## - SUBJECT ADDED ENTRY--PERSONAL NAME
Personal name Dr. Bagh Ali Shahid
9 (RLIN) 55444
650 ## - SUBJECT ADDED ENTRY--TOPICAL TERM
Topical term or geographic name entry element hydraulic structure
9 (RLIN) 55445
942 ## - ADDED ENTRY ELEMENTS (KOHA)
Source of classification or shelving scheme
Koha item type Book
Holdings
Withdrawn status Lost status Source of classification or shelving scheme Damaged status Not for loan Permanent Location Current Location Date acquired Total Checkouts Full call number Barcode Checked out Date last seen Date last checked out Price effective from Koha item type
          School of Civil and Environmental Engineering (SCEE) School of Civil and Environmental Engineering (SCEE) 02/23/2026 1 627.1 / ALI NIT-13789 04/09/2026 03/10/2026 03/10/2026 02/23/2026 Book
© 2023 Central Library, National University of Sciences and Technology. All Rights Reserved.